[Event "Forchheim op 17th"]
[Site "Forchheim"]
[Date "2018.09.23"]
[Round "4"]
[White "Kast, Joannis"]
[Black "Kalinin, Oleksandr"]
[Result "1/2-1/2"]
[WhiteElo "2066"]
[BlackElo "2113"]
[PlyCount "35"]
[EventDate "2018.09.21"]
[EventType "swiss"]
[EventRounds "5"]
[EventCountry "GER"]
[SourceTitle "EXT 2019"]
[Source "ChessBase"]
[SourceDate "2018.10.10"]
[SourceVersion "1"]
[SourceVersionDate "2018.10.10"]
[SourceQuality "1"]

1. e4 e6 2. d4 d5 3. exd5 exd5 4. Nf3 Nf6 5. c4 Bb4+ 6. Nc3 0-0 7. Be2 dxc4 8. 0-0 Bxc3 9. bxc3 b5 10. a4 c6 11. Bg5 Qd6 12. Qc2 Bb7 13. Rfb1 a6 14. Bxc4 Nbd7 15. Bh4 bxc4 16. Rxb7 c5 17. Bg3 Qd5 18. Rab1 1/2-1/2

[Event "Prague Holiday K21"]
[Site "Prague"]
[Date "2016.07.25"]
[Round "3"]
[White "Hammerman, Christian"]
[Black "Kast, Joannis"]
[Result "1/2-1/2"]
[WhiteElo "1797"]
[BlackElo "1995"]
[PlyCount "75"]
[EventDate "2016.07.24"]
[EventType "tourn"]
[EventRounds "9"]
[EventCountry "CZE"]
[SourceTitle "EXT 2023"]
[Source "ChessBase"]
[SourceDate "2022.10.05"]
[SourceVersion "1"]
[SourceVersionDate "2022.10.05"]
[SourceQuality "1"]

1. e4 c6 2. d4 d5 3. exd5 cxd5 4. Bd3 Nc6 5. c3 Nf6 6. Bf4 Bg4 7. Qb3 Qd7 8. Nd2 e6 9. Ngf3 Be7 10. Ne5 Qc8 11. Nxg4 Nxg4 12. 0-0 0-0 13. Qc2 h6 14. h3 Nf6 15. Rfe1 a6 16. Nf3 Nd7 17. Qe2 Bf6 18. Rac1 Qd8 19. Bc2 Re8 20. Qd3 Nf8 21. Ne5 Bg5 22. Bd2 Bxd2 23. Qxd2 Nxe5 24. Rxe5 Nd7 25. Re3 Qg5 26. Qd3 Nf6 27. Rce1 Rac8 28. Rg3 Qf5 29. Qd2 Qh5 30. Qf4 Nd7 31. Rf3 Rc6 32. g4 g5 33. Qd2 Qh4 34. Qd3 Nf8 35. Rf5 exf5 36. Rxe8 Re6 37. Rxe6 Nxe6 38. Qg3 1/2-1/2

[Event "Forchheim op-A 14th"]
[Site "Forchheim"]
[Date "2015.10.03"]
[Round "3"]
[White "Kast, Joannis"]
[Black "Golda, Harald"]
[Result "1/2-1/2"]
[WhiteElo "2023"]
[BlackElo "2346"]
[PlyCount "84"]
[EventDate "2015.10.02"]
[EventType "swiss"]
[EventRounds "5"]
[EventCountry "GER"]
[SourceTitle "EXT 2019"]
[Source "ChessBase"]
[SourceDate "2018.10.10"]
[SourceVersion "1"]
[SourceVersionDate "2018.10.10"]
[SourceQuality "1"]

1. e4 c5 2. Nf3 d6 3. d4 cxd4 4. Nxd4 Nf6 5. f3 Nc6 6. c4 Nxd4 7. Qxd4 g6 8. Be3 Bg7 9. Qd2 0-0 10. Nc3 Be6 11. Rc1 Rc8 12. b3 Qa5 13. Bd3 a6 14. Nd5 Qxd2+ 15. Kxd2 Nxd5 16. cxd5 Bd7 17. Rxc8 Rxc8 18. Rc1 Rxc1 19. Kxc1 f5 20. exf5 Bxf5 21. Bxf5 gxf5 22. Kd2 Kf7 23. Kd3 e6 24. dxe6+ Kxe6 25. Kc4 Be5 26. h3 Bg3 27. a4 h5 28. Bd4 Bh4 29. g4 hxg4 30. hxg4 fxg4 31. fxg4 Be7 32. Kd3 Kd5 33. Be3 Ke5 34. g5 Bf8 35. g6 Kf6 36. Ke4 Kxg6 37. Kd5 Kf7 38. Bf4 Ke8 39. Bxd6 Bh6 40. b4 Kd7 41. b5 axb5 42. axb5 Bg7 1/2-1/2

[Event "Forchheim op-A 14th"]
[Site "Forchheim"]
[Date "2015.10.03"]
[Round "2"]
[White "Schwab, Matthias"]
[Black "Kast, Joannis"]
[Result "0-1"]
[WhiteElo "2107"]
[BlackElo "2023"]
[PlyCount "50"]
[EventDate "2015.10.02"]
[EventType "swiss"]
[EventRounds "5"]
[EventCountry "GER"]
[SourceTitle "EXT 2019"]
[Source "ChessBase"]
[SourceDate "2018.10.10"]
[SourceVersion "1"]
[SourceVersionDate "2018.10.10"]
[SourceQuality "1"]

1. d4 d5 2. c4 e6 3. Nc3 c5 4. cxd5 cxd4 5. Qxd4 Nc6 6. Qd1 exd5 7. Qxd5 Bd7 8. e3 Nf6 9. Qd1 Bc5 10. a3 Qe7 11. Nf3 0-0-0 12. Qc2 Kb8 13. Be2 g5 14. Nxg5 Rhg8 15. Nce4 Bb6 16. Nxf6 Qxf6 17. Nf3 Rxg2 18. Bd2 Ne5 19. Qe4 Nxf3+ 20. Qxf3 Qxb2 21. Rd1 Bc6 22. Qxf7 Rg7 23. Qc4 Bxh1 24. Bc3 Rxd1+ 25. Bxd1 Rg1+ 0-1

[Event "Baden-ch U18/20"]
[Site "Karlsruhe"]
[Date "2014.01.03"]
[Round "4"]
[White "Kast, Joannis"]
[Black "Dieterle, Patrick"]
[Result "1/2-1/2"]
[WhiteElo "1823"]
[BlackElo "1605"]
[PlyCount "80"]
[EventDate "2014.01.??"]
[EventType "swiss"]
[EventRounds "7"]
[EventCountry "GER"]
[SourceTitle "EXT 2022"]
[Source "ChessBase"]
[SourceDate "2021.10.06"]
[SourceVersion "1"]
[SourceVersionDate "2021.10.06"]
[SourceQuality "1"]

1. e4 d5 2. exd5 Qxd5 3. Nc3 Qa5 4. d4 Nf6 5. Bc4 c6 6. Bd2 Bf5 7. Nf3 e6 8. Qe2 Bb4 9. a3 Nbd7 10. 0-0-0 Bxc3 11. Bxc3 Qc7 12. Ne5 Nd5 13. Bd2 Nxe5 14. dxe5 0-0-0 15. g4 Bg6 16. f4 h5 17. h3 hxg4 18. hxg4 Qb6 19. c3 Kb8 20. Qf3 Qc5 21. Bb3 f6 22. f5 Bf7 23. Rxh8 Rxh8 24. exf6 gxf6 25. fxe6 Bxe6 26. Bxd5 Bxd5 27. Qxf6 Qf8 28. Qe5+ Ka8 29. g5 Rg8 30. Re1 Qf7 31. Qd6 Qf5 32. Qe7 Rc8 33. Qe5 Qxe5 34. Rxe5 Bb3 35. g6 Rd8 36. g7 Kb8 37. Re4 a5 38. Rg4 a4 39. Bf4+ Kc8 40. Bd6 b5 1/2-1/2

[Event "Baden-ch U18/20"]
[Site "Karlsruhe"]
[Date "2014.01.02"]
[Round "2"]
[White "Kast, Joannis"]
[Black "Clancy, Jonathan"]
[Result "0-1"]
[WhiteElo "1823"]
[BlackElo "1880"]
[PlyCount "57"]
[EventDate "2014.01.??"]
[EventType "swiss"]
[EventRounds "7"]
[EventCountry "GER"]
[SourceTitle "EXT 2022"]
[Source "ChessBase"]
[SourceDate "2021.10.06"]
[SourceVersion "1"]
[SourceVersionDate "2021.10.06"]
[SourceQuality "1"]

1. e4 c5 2. Nf3 d6 3. d4 cxd4 4. Nxd4 Nf6 5. f3 e5 6. Nb3 Be6 7. c4 Qc7 8. Qd3 b5 9. N1d2 a5 10. Rb1 a4 11. Na1 Nbd7 12. b4 bxc4 13. Nxc4 Rc8 14. Ne3 Bxa2 15. Bd2 Bxb1 16. Qxb1 Be7 17. Nac2 d5 18. exd5 Nxd5 19. Nxd5 Qxc2 20. Qxc2 Rxc2 21. Bb5 Kd8 22. Bxa4 Ra2 23. Bd1 Nf6 24. Nxf6 gxf6 25. Be2 Kc7 26. b5 Ra1+ 27. Bd1 Rd8 28. b6+ Kb8 29. g3 0-1

[Event "GER-ch U25 op-A"]
[Site "Oberhof"]
[Date "2013.05.23"]
[Round "7"]
[White "Nitzsche, Pia"]
[Black "Kast, Joannis"]
[Result "1/2-1/2"]
[WhiteElo "1662"]
[BlackElo "1823"]
[PlyCount "203"]
[EventDate "2013.05.19"]
[EventType "swiss"]
[EventRounds "9"]
[EventCountry "GER"]
[SourceTitle "CBM 154 Extra"]
[Source "ChessBase"]
[SourceDate "2013.06.25"]
[SourceVersion "2"]
[SourceVersionDate "2013.06.25"]
[SourceQuality "1"]

1. c4 b6 2. Nc3 Bb7 3. Nf3 e6 4. d4 Bb4 5. Bd2 f5 6. a3 Bxc3 7. Bxc3 Nf6 8. g3 d6 9. Bg2 Nbd7 10. 0-0 0-0 11. b4 Ne4 12. Qb3 Ndf6 13. Ng5 Qe7 14. Nxe4 Nxe4 15. Rad1 Rf6 16. Bd2 Rg6 17. Qb2 Rf8 18. Bf4 Re8 19. c5 e5 20. dxe5 dxe5 21. Bc1 bxc5 22. bxc5 Bc6 23. Qb4 h5 24. h4 Kh7 25. Kh2 Qxc5 26. Bf3 Qxb4 27. axb4 Rd6 28. Rxd6 cxd6 29. Bxh5 Rb8 30. Be3 a6 31. Rc1 Bd7 32. Rc7 Nf6 33. Bf3 e4 34. Bg2 Bb5 35. Bd4 Kg6 36. Bf1 Rd8 37. Kh3 Rd7 38. Rc8 Nd5 39. Bc3 Rc7 40. Rxc7 Nxc7 41. Kg2 Nd5 42. Bd2 Kf6 43. f4 Ke6 44. Kf2 g6 45. Bh3 Nb6 46. g4 Nd5 47. gxf5+ gxf5 48. e3 Nf6 49. Bc3 Nd5 50. Bd2 Kf6 51. h5 Bd7 52. Kg3 Kg7 53. Kh4 Kh6 54. Bf1 Bb5 55. Bh3 Bd7 56. Bf1 Bc8 57. Bc4 Nf6 58. Be2 Bb7 59. Bc3 Nd5 60. Bd2 Bc8 61. Bc4 Nb6 62. Bf7 Kg7 63. Bb3 Kh6 64. Bf7 Bb7 65. Bb3 Bd5 66. Bd1 Bc4 67. Bc3 Nd5 68. Bd2 Nb6 69. Bc3 Bd3 70. Kg3 Nd5 71. Bd2 Nf6 72. Kh4 Bc4 73. Bc3 Nd7 74. Kg3 Nb6 75. Kh4 Ba2 76. Be2 Bc4 77. Bd1 Bd3 78. Bd2 Nc4 79. Bc1 Nb6 80. Bd2 Bb5 81. Kg3 Bc4 82. Kh4 Nd5 83. Kg3 Ne7 84. Bc3 Nd5 85. Bd2 Nc7 86. Kh4 Nb5 87. Kg3 Na3 88. Bc1 Nb1 89. Bb2 Nd2 90. Kh4 Nf3+ 91. Kg3 Ne1 92. Bc3 Nd3 93. Bd2 Nb2 94. Bc2 Be2 95. Bc1 Nc4 96. Bb3 d5 97. Ba4 Bxh5 98. Bd7 Kg6 99. Be8+ Kh6 100. Bd7 Bg6 101. Be6 Nb6 102. Bb2 1/2-1/2

[Event "GER-ch U25 op-A"]
[Site "Oberhof"]
[Date "2013.05.20"]
[Round "3"]
[White "Koll, Lukas"]
[Black "Kast, Joannis"]
[Result "0-1"]
[WhiteElo "1464"]
[BlackElo "1823"]
[PlyCount "70"]
[EventDate "2013.05.19"]
[EventType "swiss"]
[EventRounds "9"]
[EventCountry "GER"]
[SourceTitle "CBM 154 Extra"]
[Source "ChessBase"]
[SourceDate "2013.06.25"]
[SourceVersion "2"]
[SourceVersionDate "2013.06.25"]
[SourceQuality "1"]

1. d4 d5 2. c4 e6 3. Nf3 Nf6 4. Bg5 Be7 5. e3 Ne4 6. Bxe7 Qxe7 7. Bd3 Qb4+ 8. Nbd2 Nxd2 9. Qxd2 Qxd2+ 10. Nxd2 Nd7 11. c5 e5 12. 0-0 c6 13. b4 0-0 14. Be2 Re8 15. Bf3 f5 16. Rfe1 e4 17. Bd1 g5 18. Nf1 Nf6 19. Ng3 f4 20. Nh5 Nxh5 21. Bxh5 Re7 22. Be2 Bd7 23. a4 a6 24. a5 Rf8 25. Bf1 Ref7 26. Ra3 fxe3 27. fxe3 Rf2 28. Raa1 Rb2 29. Rab1 Rff2 30. Kh1 Kg7 31. Kg1 h5 32. Kh1 g4 33. Kg1 h4 34. Kh1 h3 35. gxh3 Rxh2+ 0-1

[Event "GER-ch U25 op-A"]
[Site "Oberhof"]
[Date "2013.05.19"]
[Round "2"]
[White "Kast, Joannis"]
[Black "Weber, Daniel"]
[Result "0-1"]
[WhiteElo "1823"]
[BlackElo "1897"]
[PlyCount "48"]
[EventDate "2013.05.19"]
[EventType "swiss"]
[EventRounds "9"]
[EventCountry "GER"]
[SourceTitle "CBM 154 Extra"]
[Source "ChessBase"]
[SourceDate "2013.06.25"]
[SourceVersion "2"]
[SourceVersionDate "2013.06.25"]
[SourceQuality "1"]

1. e4 e6 2. d4 d5 3. exd5 exd5 4. c4 Nf6 5. Nc3 Be7 6. Nf3 0-0 7. cxd5 Nxd5 8. Bd3 Bb4 9. Qc2 Re8+ 10. Kf1 h6 11. Qb3 Bxc3 12. bxc3 Nc6 13. c4 Ndb4 14. Bb1 Nxd4 15. Nxd4 Qxd4 16. Bb2 Qc5 17. Qc3 f6 18. a3 Nc6 19. Qc2 Be6 20. Qh7+ Kf8 21. Bg6 Bxc4+ 22. Kg1 Re2 23. Rf1 Rxb2 24. Qh8+ Bg8 0-1

[Event "GER-ch U25 op-A"]
[Site "Oberhof"]
[Date "2012.06.02"]
[Round "9"]
[White "Myagkov, Kirill"]
[Black "Kast, Joannis"]
[Result "1/2-1/2"]
[WhiteElo "1769"]
[BlackElo "1856"]
[PlyCount "74"]
[EventDate "2012.05.27"]
[EventType "swiss"]
[EventRounds "9"]
[EventCountry "GER"]
[SourceTitle "CBM 148 Extra"]
[Source "ChessBase"]
[SourceDate "2012.06.22"]
[SourceVersion "1"]
[SourceVersionDate "2012.06.22"]
[SourceQuality "1"]

1. e4 e5 2. f4 exf4 3. Nf3 Ne7 4. Bc4 d5 5. exd5 Nxd5 6. Qe2+ Be6 7. Nd4 Qd7 8. Nc3 c6 9. Qe5 Qd6 10. Qe4 Nf6 11. Qd3 Bxc4 12. Qxc4 Qe5+ 13. Qe2 Qxe2+ 14. Ndxe2 Bd6 15. d4 0-0 16. Bxf4 Bxf4 17. Nxf4 Re8+ 18. Kd2 Na6 19. Rae1 Kf8 20. Kc1 Nc7 21. Rhf1 Rxe1+ 22. Rxe1 Rd8 23. Rd1 Ncd5 24. Nfxd5 Nxd5 25. Nxd5 Rxd5 26. c3 Rf5 27. Rd2 Ke7 28. Kc2 Rf1 29. Kd3 f5 30. c4 h6 31. b3 Re1 32. Re2+ Rxe2 33. Kxe2 g5 34. Ke3 Kd6 35. Kf3 b6 36. Ke3 a6 37. Kf3 Ke6 1/2-1/2

[Event "GER-ch U25 op-A"]
[Site "Oberhof"]
[Date "2012.05.28"]
[Round "3"]
[White "Kast, Joannis"]
[Black "Bleecke, Sebastian"]
[Result "1/2-1/2"]
[WhiteElo "1856"]
[BlackElo "1595"]
[PlyCount "88"]
[EventDate "2012.05.27"]
[EventType "swiss"]
[EventRounds "9"]
[EventCountry "GER"]
[SourceTitle "CBM 148 Extra"]
[Source "ChessBase"]
[SourceDate "2012.06.22"]
[SourceVersion "1"]
[SourceVersionDate "2012.06.22"]
[SourceQuality "1"]

1. e4 c5 2. Nf3 Nc6 3. d4 cxd4 4. Nxd4 g6 5. c4 Bg7 6. Be3 Nf6 7. Nc3 d6 8. f3 0-0 9. Qd2 Bd7 10. Be2 Nxd4 11. Bxd4 Bc6 12. Be3 Nd7 13. 0-0 a5 14. Rfd1 Rc8 15. Rac1 Nc5 16. b3 Qb6 17. Nd5 Bxd5 18. cxd5 Qb4 19. Qxb4 axb4 20. Bd2 Ra8 21. Rc2 Bc3 22. Bxc3 bxc3 23. Bc4 Rfb8 24. a4 Rc8 25. Rdc1 Nxa4 26. Bb5 Nb6 27. Rxc3 Kg7 28. Rxc8 Rxc8 29. Rxc8 Nxc8 30. Kf2 Kf6 31. f4 Nb6 32. Ke3 g5 33. g3 e5 34. f5 Ke7 35. h4 h6 36. hxg5 hxg5 37. Kd3 Na8 38. Kc3 Nc7 39. Be2 b6 40. Kd2 f6 41. Kc3 Kf7 42. g4 Ke7 43. Kb4 Kd8 44. Ka4 Ke7 1/2-1/2

[Event "Baden-ch U16"]
[Site "Karlsruhe Durlach"]
[Date "2012.01.03"]
[Round "3"]
[White "Rahnfeld, Jens"]
[Black "Kast, Joannis"]
[Result "1/2-1/2"]
[WhiteElo "1743"]
[BlackElo "1841"]
[PlyCount "90"]
[EventDate "2012.01.02"]
[EventType "swiss"]
[EventRounds "7"]
[EventCountry "GER"]
[SourceTitle "EXT 2015"]
[Source "ChessBase"]
[SourceDate "2014.11.20"]
[SourceVersion "1"]
[SourceVersionDate "2014.11.20"]
[SourceQuality "1"]

1. e4 d5 2. exd5 Qxd5 3. Nc3 Qd6 4. Nf3 c6 5. g3 Nf6 6. Bg2 Bf5 7. d3 e6 8. Bf4 Qb4 9. Qd2 Nbd7 10. 0-0-0 Be7 11. Ne5 Nxe5 12. Bxe5 Qa5 13. Bf4 Bb4 14. a3 Be7 15. Ne4 Qb6 16. Nd6+ Bxd6 17. Bxd6 Rd8 18. Be5 0-0 19. Bxf6 gxf6 20. Qe3 Qa5 21. Be4 a6 22. Bxf5 Qxf5 23. g4 Qd5 24. Rhg1 Rd7 25. f4 Qd4 26. Qxd4 Rxd4 27. f5 Kg7 28. Rde1 e5 29. Re3 Rg8 30. Kd2 Kh6 31. Rh3+ Kg7 32. Re3 Kh8 33. Re4 Rgd8 34. Rge1 Kg7 35. Rxd4 Rxd4 36. Re4 Rd7 37. Ke3 Kh6 38. h4 Kg7 39. d4 Re7 40. Kf3 h6 41. g5 fxg5 42. hxg5 hxg5 43. dxe5 Rd7 44. Kg4 Kh6 45. e6 Re7 1/2-1/2

[Event "GER-ch U25"]
[Site "Oberhof"]
[Date "2010.05.28"]
[Round "8"]
[White "Holle, Eric"]
[Black "Kast, Joannis"]
[Result "0-1"]
[WhiteElo "1694"]
[BlackElo "1733"]
[PlyCount "132"]
[EventDate "2010.05.22"]
[EventType "swiss"]
[EventRounds "9"]
[EventCountry "GER"]
[SourceTitle "CBM 136 Extra"]
[Source "ChessBase"]
[SourceDate "2010.07.02"]
[SourceVersion "2"]
[SourceVersionDate "2010.07.15"]
[SourceQuality "1"]

1. e4 e5 2. Nf3 Nc6 3. d4 exd4 4. Nxd4 Bc5 5. Be3 Bb6 6. c3 d6 7. f4 Nf6 8. Nd2 0-0 9. Be2 Re8 10. Bf3 Bd7 11. 0-0 Qc8 12. h3 Kh8 13. Qe1 Re7 14. Qg3 Qf8 15. Rae1 Rae8 16. Bf2 Ng8 17. Nc4 Nh6 18. Ne3 Rc8 19. Nd5 Ree8 20. Nb5 Ne7 21. Nd4 Nc6 22. Nxb6 axb6 23. Bd1 Re7 24. Re2 Rce8 25. Rfe1 f6 26. Bb3 Nf7 27. f5 Nxd4 28. cxd4 Bxf5 29. Qf3 Bc8 30. Bg3 Ng5 31. Qd3 Nf7 32. Qf3 Ng5 33. Qd3 Ne6 34. e5 dxe5 35. dxe5 fxe5 36. Bc2 g6 37. Bxe5+ Ng7 38. Qc3 Bd7 39. Qxc7 Bc6 40. Bxg7+ Rxg7 41. Rxe8 Bxe8 42. Qd8 Rg8 43. Qxb6 Bc6 44. Qd4+ Qg7 45. Qxg7+ Rxg7 46. Be4 Re7 47. Bxc6 Rxe1+ 48. Kf2 Rb1 49. Bd5 Rxb2+ 50. Kg3 Kg7 51. Kf4 Kf6 52. Kf3 b6 53. Kg3 h6 54. Kf3 g5 55. Kg3 h5 56. Kf3 Rd2 57. Bc4 g4+ 58. hxg4 hxg4+ 59. Kg3 Kf5 60. a4 Rd4 61. Bb5 Rb4 62. Bd3+ Kg5 63. Bb5 Rb3+ 64. Kf2 Rb4 65. Bd7 Rb2+ 66. Kf1 g3 0-1

[Event "GER-ch U25"]
[Site "Oberhof"]
[Date "2010.05.26"]
[Round "6"]
[White "Celmer, Ole"]
[Black "Kast, Joannis"]
[Result "0-1"]
[WhiteElo "1671"]
[BlackElo "1733"]
[PlyCount "104"]
[EventDate "2010.05.22"]
[EventType "swiss"]
[EventRounds "9"]
[EventCountry "GER"]
[SourceTitle "CBM 136 Extra"]
[Source "ChessBase"]
[SourceDate "2010.07.02"]
[SourceVersion "2"]
[SourceVersionDate "2010.07.15"]
[SourceQuality "1"]

1. e4 e5 2. Nf3 Nc6 3. Bc4 Bc5 4. c3 Nf6 5. d3 a6 6. Bg5 d6 7. b4 Bb6 8. h3 Be6 9. Bb3 0-0 10. 0-0 Kh8 11. Nbd2 Qd7 12. Bxe6 fxe6 13. Re1 Nh5 14. Nf1 Rf7 15. Be3 h6 16. Bxb6 cxb6 17. d4 Nf4 18. Ng3 Raf8 19. Re3 Qe7 20. dxe5 Nxe5 21. Nxe5 dxe5 22. Nh1 Rd8 23. Qc2 Qe8 24. Rd1 Rxd1+ 25. Qxd1 Rd7 26. Qc2 Qd8 27. Ng3 Rd1+ 28. Nf1 g5 29. a4 Kh7 30. Rg3 Re1 31. Re3 Qd1 32. Qxd1 Rxd1 33. c4 Rc1 34. b5 Rxc4 35. bxa6 bxa6 36. Ra3 Rxe4 37. Ne3 Kg6 38. Kf1 h5 39. Kg1 Kf6 40. Kf1 Ke7 41. Kg1 Nd5 42. Nc2 Rc4 43. Ne3 Nxe3 44. fxe3 Kd6 45. Rb3 Kc5 46. Ra3 e4 47. Kf2 Kb4 48. Ra1 Ka5 49. g4 hxg4 50. hxg4 Rxa4 51. Rd1 Ra2+ 52. Kf1 Ra3 0-1

[Event "GER-ch U25"]
[Site "Oberhof"]
[Date "2010.05.25"]
[Round "5"]
[White "Kast, Joannis"]
[Black "Wang, Julia"]
[Result "1-0"]
[WhiteElo "1733"]
[BlackElo "1722"]
[PlyCount "83"]
[EventDate "2010.05.22"]
[EventType "swiss"]
[EventRounds "9"]
[EventCountry "GER"]
[SourceTitle "CBM 136 Extra"]
[Source "ChessBase"]
[SourceDate "2010.07.02"]
[SourceVersion "2"]
[SourceVersionDate "2010.07.15"]
[SourceQuality "1"]

1. e4 c6 2. c4 d5 3. exd5 cxd5 4. cxd5 Qxd5 5. Nc3 Qa5 6. Nf3 Nf6 7. d4 Bf5 8. Bb5+ Nbd7 9. 0-0 a6 10. Bd3 Bxd3 11. Qxd3 e6 12. Re1 Be7 13. Bd2 0-0 14. Ne4 Qb6 15. b3 Rfd8 16. Be3 Nd5 17. Neg5 g6 18. h4 Rac8 19. Rac1 Bb4 20. Red1 Nc3 21. Rd2 Nd5 22. Rdd1 Ba3 23. Rxc8 Rxc8 24. h5 Rc3 25. Qb1 Nxe3 26. fxe3 Rxe3 27. hxg6 hxg6 28. Qc2 Qc6 29. Qf2 Bc1 30. Nh4 f6 31. Nxg6 Kg7 32. Ne7 Qc7 33. Rf1 Kf8 34. Ng6+ Kg7 35. Nf4 fxg5 36. Nxe6+ Rxe6 37. Qf7+ Kh8 38. Qxe6 Bf4 39. g3 Bd6 40. Qh6+ Kg8 41. Qxg5+ Kh8 42. Rf7 1-0

[Event "GER-ch U25"]
[Site "Oberhof"]
[Date "2010.05.25"]
[Round "4"]
[White "Yin, Stanley"]
[Black "Kast, Joannis"]
[Result "1/2-1/2"]
[WhiteElo "1976"]
[BlackElo "1733"]
[PlyCount "68"]
[EventDate "2010.05.22"]
[EventType "swiss"]
[EventRounds "9"]
[EventCountry "GER"]
[SourceTitle "CBM 136 Extra"]
[Source "ChessBase"]
[SourceDate "2010.07.02"]
[SourceVersion "2"]
[SourceVersionDate "2010.07.15"]
[SourceQuality "1"]

1. g3 Nf6 2. c3 d5 3. Na3 e5 4. Bg2 c6 5. Nc2 Bd6 6. d3 Bf5 7. Nf3 Nbd7 8. 0-0 0-0 9. Nd2 Re8 10. Kh1 e4 11. dxe4 Nxe4 12. Nxe4 Bxe4 13. f3 Bg6 14. e4 Nf6 15. Bg5 dxe4 16. fxe4 Be5 17. Nd4 Qc7 18. Nf5 Rad8 19. Qf3 Rd7 20. Nxg7 Kxg7 21. Bxf6+ Bxf6 22. Qxf6+ Kg8 23. Rae1 Qe5 24. Qf2 b6 25. g4 Rde7 26. h4 h5 27. gxh5 Qxh5 28. Bf3 Qh7 29. Rg1 Kf8 30. e5 Rxe5 31. Rxe5 Rxe5 32. Qd4 Be4 33. Qd8+ Re8 34. Qd6+ Re7 1/2-1/2

[Event "GER-ch U12"]
[Site "Willingen"]
[Date "2009.06.05"]
[Round "9"]
[White "Kast, Joannis"]
[Black "Lagunow, Elina"]
[Result "1/2-1/2"]
[WhiteElo "1618"]
[BlackElo "1683"]
[PlyCount "51"]
[EventDate "2009.05.30"]
[EventType "swiss"]
[EventRounds "11"]
[EventCountry "GER"]
[SourceTitle "EXT 2010"]
[Source "ChessBase"]
[SourceDate "2010.11.25"]
[SourceVersion "1"]
[SourceVersionDate "2010.11.25"]
[SourceQuality "1"]

1. e4 c5 2. Nf3 a6 3. d4 cxd4 4. Nxd4 Nf6 5. Nc3 e5 6. Nb3 Bb4 7. Bd2 Qc7 8. Bd3 0-0 9. a3 Bxc3 10. Bxc3 Rd8 11. Qe2 Nc6 12. 0-0 d5 13. f3 Be6 14. Kh1 Nh5 15. Bd2 Nf6 16. Bg5 Qe7 17. Qe3 Rac8 18. Nd2 d4 19. Qe2 h6 20. Bh4 Rd7 21. Rfc1 Rdc7 22. Kg1 Bd7 23. Be1 Nh5 24. g3 Qg5 25. Kh1 Bh3 26. Nf1 1/2-1/2

[Event "GER-ch U12"]
[Site "Willingen"]
[Date "2009.05.31"]
[Round "2"]
[White "Bluebaum, Matthias"]
[Black "Kast, Joannis"]
[Result "1-0"]
[WhiteElo "2051"]
[BlackElo "1618"]
[PlyCount "91"]
[EventDate "2009.05.30"]
[EventType "swiss"]
[EventRounds "11"]
[EventCountry "GER"]
[SourceTitle "EXT 2010"]
[Source "ChessBase"]
[SourceDate "2010.11.25"]
[SourceVersion "1"]
[SourceVersionDate "2010.11.25"]
[SourceQuality "1"]

1. d4 d5 2. c4 dxc4 3. e4 e5 4. Nf3 exd4 5. Bxc4 Bb4+ 6. Bd2 Bxd2+ 7. Nbxd2 Ne7 8. 0-0 0-0 9. Nb3 Bg4 10. Nbxd4 Nd7 11. h3 Bh5 12. Qb3 Nb6 13. Be2 c6 14. Rad1 Qc7 15. Rd2 Rad8 16. Rfd1 Bg6 17. a4 Kh8 18. Bd3 Kg8 19. Bb1 Nbc8 20. Qc3 Nb6 21. Bc2 Nbc8 22. Nb5 Rxd2 23. Nxc7 Rxd1+ 24. Bxd1 Bxe4 25. Qe5 Bxf3 26. Bxf3 Rd8 27. a5 Ng6 28. Qg3 Nce7 29. a6 b6 30. Bg4 Kf8 31. Qc3 Kg8 32. b4 Kf8 33. b5 c5 34. Qe3 Kg8 35. f4 Nd5 36. Nxd5 Rxd5 37. Qe8+ Nf8 38. Qa8 Rd4 39. Qxa7 Rxf4 40. Qxb6 c4 41. a7 Rf6 42. Qd8 h6 43. a8Q Kh7 44. Qxf6 gxf6 45. Qxf8 Kg6 46. Qg8# 1-0

[Event "Baden-ch U12"]
[Site "Neuenbuerg/Enz"]
[Date "2008.01.06"]
[Round "7"]
[White "Steimbach, Isabel"]
[Black "Kast, Joannis"]
[Result "1/2-1/2"]
[WhiteElo "1323"]
[BlackElo "1331"]
[PlyCount "47"]
[EventDate "2008.01.04"]
[EventType "swiss"]
[EventRounds "7"]
[EventCountry "GER"]
[SourceTitle "EXT 2009"]
[Source "ChessBase"]
[SourceDate "2008.11.26"]
[SourceVersion "1"]
[SourceVersionDate "2008.11.26"]
[SourceQuality "1"]

1. e4 e5 2. Nf3 Nc6 3. Bb5 Nf6 4. 0-0 Be7 5. Nc3 d6 6. d4 Bd7 7. Bxc6 Bxc6 8. d5 Bd7 9. Bg5 0-0 10. Re1 Bg4 11. Qd3 h6 12. Bh4 Nh7 13. Bxe7 Qxe7 14. h3 Bh5 15. Qe3 a6 16. a4 Qd8 17. b4 Re8 18. Red1 Nf8 19. Rd3 Nd7 20. a5 Bg6 21. Nd2 Rf8 22. Re1 Re8 23. Ra1 Rf8 24. Re1 1/2-1/2